| 000 | 00482nam a2200157Ia 4500 | ||
|---|---|---|---|
| 999 |
_c19401 _d19401 |
||
| 003 | OSt | ||
| 005 | 20200629150808.0 | ||
| 008 | 190216s9999||||xx |||||||||||||| ||und|| | ||
| 040 | _coclc | ||
| 082 |
_a954.83 _bRAV/I |
||
| 100 |
_aRavindran, T K _93015 |
||
| 245 | 0 |
_aInstitutions And Movements In Kerala History / _cT K Ravindran |
|
| 260 |
_bCharithram Publications, _c1978. _aTrivandrum: |
||
| 300 | _a176p | ||
| 942 |
_cBK _2ddc _h954.83 _iRAV/I _k954.83 _mRAV/I |
||